Colleges in New Jersey by City - Statistics

General Stats
  • This quiz has been taken 126 times
  • The average score is 12 of 24
Answer Stats
City Answer % Correct
New Brunswick Rutgers University
96%
Princeton Princeton University
93%
Ewing Township The College of New Jersey
78%
Newark New Jersey Institute of Technology
69%
Montclair Montclair State University
68%
West Long Branch Monmouth University
63%
Mahwah Rowan University
60%
South Orange Seton Hall University
60%
Mahwah Ramapo College
54%
Union Kean University
53%
Lawrence Rider University
53%
Hoboken Stevens Institute of Technology
50%
Galloway Stockton University
48%
Caldwell Caldwell University
47%
Madison + Teaneck Fairleigh Dickinson University
47%
Jersey City St. Peter's University
41%
Wayne William Paterson University
40%
Bloomfield Bloomfield College
33%
Lakewood Georgian Court University
33%
Jersey City New Jersey City University
31%
Trenton Thomas Edison State University
23%
Hackettstown Centenary University
20%
Lodi Felician University
19%
Morris Township College of Saint Elizabeth
13%
No matching quizzes found
Score Distribution
Percent of People with Each Score
Percentile by Number Answered
Your Score History
You have not taken this quiz